000 00222 a2200097 4500
001 6983
100 _aImmamuddin, S.M
245 _aPolitical history of the Muslims
260 _a
_bNajmah and sons
_c
090 _c5766
_d5766
942 _aNUST-CAE
_cM
_c32229
999 _c242056
_d242056